00661nam a22002057a 4500008004100000020001400041020001400055040001800069041000800087245008100095260004300176300003700219504005300256650002300309650001500332650001800347650002900365700002400394700003700418130821s1999 enkab gr eng  a714649902 a714680532 aCo-BoUCMbspa00aeng00aGeopolitics, geography, and strategyceditores Colin S. Gray, Geoffrey Sloan aLondres (Inglaterra)bFrank Cassc1999 a289 páginasbgráficas, mapas aIncluye referencias bibliográficas e índice.04aCiencia política04aEstrategia04aGeopolítica04aPolítica internacional1 aGray, Colin S.eed.1 aSloan, G. R.q(Geoffrey R.)eed.